Administración empresarial

Shranjeno v:
Bibliografske podrobnosti
Glavni avtor: Cardozo, Alejandro Pablo (Author)
Format: Knjiga
Jezik:španščina
Izdano: Buenos Aires Temas Grupo 2005
Izdaja:4a. ed
Serija:Temas UADE
Teme:
Oznake: Označite
Brez oznak, prvi označite!

MARC

LEADER 00000nam a2200000 a 4500
001 UCJ1409
003 CL-VaPUC
008 061020e20050000AG |||||||||||||||||spa|d
020 |a 9879164636 
082 0 4 |a 658  |b CAR  |2 21 
100 0 |a Cardozo, Alejandro Pablo  |e author  |9 502020 
245 1 0 |a Administración empresarial 
250 |a 4a. ed 
300 |a 566 p 
942 |c BK 
945 |d 20061020 00:00:00  |a cmena 
260 |a Buenos Aires  |b Temas Grupo  |c 2005 
650 0 |a Administración de empresas   |9 260833 
650 0 |a Planificación estratégica   |9 259735 
650 7 |a ETICA EN LOS NEGOCIOS  |2 CL-VaPUC  |9 502021 
650 0 |a Cultura de la organización  |9 463742 
650 0 |a Estructura organizacional   |9 390800 
650 0 |a Administración financiera  |9 261146 
583 |a last modification  |c 20061020 00:00:00  |k Rodrigo Vera 
490 0 |a Temas UADE 
999 |c 317996  |d 317994 
952 |0 0  |1 0  |4 0  |6 658_000000000000000_CAR_2005  |7 0  |8 A  |9 395162  |a BIBING  |b BIBING  |d 2019-11-22  |i 4287843  |o 658 CAR 2005  |p 4287843  |r 2025-01-20  |w 2019-11-22  |y BK  |k EII